La lámpara de psique /
保存先:
| 第一著者: | |
|---|---|
| その他の著者: | , , |
| フォーマット: | 電子媒体 eBook |
| 言語: | スペイン語 フランス語 |
| 出版事項: |
México, D.F. :
Fondo de Cultura Económica,
2016.
|
| 版: | Primera edición electrónica. |
| シリーズ: | Biblioteca universitaria de bolsillo.
|
| 主題: | |
| オンライン・アクセス: | Digitalia Hispánica |
| タグ: |
タグ追加
タグなし, このレコードへの初めてのタグを付けませんか!
|
MARC
| LEADER | 00000nam a2200000 i 4500 | ||
|---|---|---|---|
| 001 | DIGFCE1654 | ||
| 003 | NyNyDIG | ||
| 006 | m o d | ||
| 007 | cr ||||||||||| | ||
| 008 | 220720s2016 mx ob 000 j spa d | ||
| 035 | |a (OCoLC)1350508554 | ||
| 040 | |a DGITA |b eng |e rda |e pn |c DGITA | ||
| 020 | |a 9786071642271 |q eBook |q ePub | ||
| 041 | 1 | |a spa |h fre | |
| 050 | 1 | 4 | |a PQ7276 ebook |
| 082 | 0 | 4 | |a 863.0108972 |
| 100 | 1 | |a Schwob, Marcel, |d 1867-1905, |e author. | |
| 240 | 1 | 0 | |a Lampe de psyché. |l Spanish |s (Cabrera and Soler) |
| 245 | 1 | 3 | |a La lámpara de psique / |c Marcel Schwob ; traducción de Rafael Cabrera [Mimos] y Martí Soler ; prólogo de Nelly Palafox López. |
| 250 | |a Primera edición electrónica. | ||
| 264 | 1 | |a México, D.F. : |b Fondo de Cultura Económica, |c 2016. | |
| 300 | |a 1 online resource. | ||
| 336 | |a text |b txt |2 rdacontent | ||
| 337 | |a computer file |b c |2 rdamedia | ||
| 338 | |a online resource |b cr |2 rdacarrier | ||
| 347 | |a text file |2 rdaft | ||
| 347 | |b EPUB | ||
| 490 | 1 | |a Biblioteca universitaria de bolsillo | |
| 504 | |a Includes bibliographical references. | ||
| 588 | 0 | |a Online resource; title from ePub title page (Digitalia, viewed July 27, 2022) | |
| 655 | 7 | |a Short stories. |2 lcgft | |
| 655 | 0 | |a Electronic books. | |
| 700 | 1 | |a Cabrera, Rafael, |e translator. | |
| 700 | 1 | |a Soler, Martí, |e translator. | |
| 700 | 1 | |a Palafox López, Nelly, |e contributor agent of text. | |
| 700 | 1 | |i Translation of: |a Schwob, Marcel, |d 1867-1905. |t Lampe de psyché. | |
| 791 | 2 | |a Digitalia (Firm), |e distributor. | |
| 793 | 0 | |g Digitalia eBook Collection: |a Fondo de Cultura Económica | |
| 830 | 0 | |a Biblioteca universitaria de bolsillo. | |
| 856 | 4 | 0 | |3 Digitalia Hispánica |u https://digitalia.unach.elogim.com/a/64614/ |
| 910 | |a Premium collection: 2022 | ||